| 000 | 00472pab a2200181 454500 | ||
|---|---|---|---|
| 008 | 180718b2011 xxu||||| |||| 00| 0 eng d | ||
| 100 | _aVimal Babu | ||
| 245 | _aDivergent leadership styles practiced by global managers in India | ||
| 260 | _c2011 | ||
| 300 | _ap.478-490. | ||
| 362 | _aJan | ||
| 650 | _aLeadership - India | ||
| 650 | _aManagers - India | ||
| 650 | _aManagers | ||
| 773 | _aIndian Journal of Industrial Relations | ||
| 908 | _aN | ||
| 909 | _a90805 | ||
| 999 |
_c90805 _d90805 |
||